NBA general knowledge easy - Statistics

General Stats
  • This quiz has been taken 162 times
  • The average score is 13 of 15
Answer Stats
Hint Answer % Correct
who is the all time leading scorer LeBron James
99%
leader of the bulls dynasty that got 6 rings Michael Jordan
97%
how many teams are in California 4
94%
team in canada Toronto raptors
94%
franchise with the most rings Boston Celtics
93%
Wilt Chamberlain career high 100
92%
how many teams are in the NBA 30
92%
what Player has the most NBA rings Bill Russell
90%
what team won the 2016 NBA finals Cleveland Cavaliers
90%
what team had the greatest regular season record of all time Golden State Warriors
84%
average height of an NBA player 6'7
83%
What team drafted Kobe Bryant Charlotte Hornets
81%
what NBA player has won the most MVPs Kareem Abdul-Jabbar
78%
what was their record 73-9
76%
What coach has the most rings Phil Jackson
72%
No matching quizzes found
Score Distribution
Percent of People with Each Score
Percentile by Number Answered
Your Score History
You have not taken this quiz